000 00821cam a22002773a 4500
001 11733
003 PGUSA
005 20140828083240.0
008 040301s2004||||xxu|||||s|||||000 1 eng d
040 _aPGUSA
_beng
042 _adc
050 4 _aPR
100 1 _aMoore, George,
_d1852-1933
245 1 2 _aA Mere Accident
_h[electronic resource] /
_cGeorge Moore
260 _bProject Gutenberg,
_c2004
506 _aPublic domain in the USA.
516 _aElectronic text
653 _aRape victims -- Fiction
653 _aMothers and sons -- Fiction
653 _aMan-woman relationships -- Fiction
653 _aEngland -- Social life and customs -- 19th century
653 _aCourtship -- Fiction
830 0 _aProject Gutenberg
_v11733
856 4 0 _uhttp://www.gutenberg.org/ebooks/11733
942 _cEB
999 _c240988
_d240988